Państwa które dotykają równika - Statystyki

Ogólne statystyki
  • Ten quiz został rozwiązany 25 razy
  • Średni wynik to 8 z 12
Statystyki odpowiedzi
Hint Odpowiedź % Poprawnych
Ameryka Płdn Brazylia
95%
Afryka Kongo
90%
Ameryka Płdn Ekwador
86%
Azja Indonezja
86%
Ameryka Płdn Kolumbia
86%
Afryka Kenia
76%
Afryka Gabon
62%
Afryka DRK
48%
Afryka Somalia
48%
Afryka Uganda
48%
Azja Malediwy
43%
Afryka Wyspy Świętego Tomasza i Książęca
33%
Nie znaleziono quizów pasujących do podanych kryteriów
Rozkład punktacji
Procent ludzi z każdym wynikiem
Percentyl według liczby udzielonych odpowiedzi
Twoja historia wyników
Nie rozwiązałeś tego quizu